| 000 | 00754nam a2200241 i 4500 | ||
|---|---|---|---|
| 001 | 16451 | ||
| 003 | ES-MaACL | ||
| 005 | 20250801063019.0 | ||
| 007 | t| | ||
| 008 | 000922s1991 mx |||| | spa d | ||
| 020 | _a968-6664-43-2 | ||
| 080 | _a325.45(72)"15" | ||
| 080 | _a972"15"(04) | ||
| 100 | 1 |
_aZavala, Silvio, _d1909-2014 _9118108 |
|
| 245 | 1 | 4 |
_aLos intereses particulares en la conquista de la Nueva España / _cSilvio A. Zavala. |
| 250 | _a1ª ed. | ||
| 260 |
_aMéxico : _bEl Colegio Nacional, _c1991. |
||
| 300 |
_a126 p. ; _c21 cm. |
||
| 651 | 4 |
_aMéxico- _xHistoria- _y1517-1521, Descubrimiento y conquista. _9136484 |
|
| 710 | 2 |
_aColegio Nacional (México) _92941 |
|
| 852 |
_aES-MaACL _jG-2201 |
||
| 999 |
_c16451 _d16451 |
||